000 00681nmm a2200265 a 4500
003 AR-BaBNM
005 20251128202840.0
008 027019s1992 ||||||||||||||000 | spa||
020 _a950-9385-15-8
040 _cAR-BaBNM
100 1 _aDromi, José Roberto
245 1 0 _aLos jueces
_b¿Es la justicia un tercio del poder?
260 _aBuenos Aires
_bCiudad Argentina
_c1992
300 _a253 p.
650 4 _aJUECES
650 4 _aFUNCIONARIOS JUDICIALES
650 4 _aJURISTAS
650 4 _aTRABAJO Y EMPLEO
650 4 _aTEORIA DEL DERECHO
650 4 _aDERECHO
650 4 _aDERECHO A LA JUSTICIA
650 4 _aJUSTICIA SOCIAL
942 _cBK
998 _cmariana
999 _c870
_d870